<?xml version="1.0" encoding="UTF-8"?>
<record
    xmlns:xsi="http://www.w3.org/2001/XMLSchema-instance"
    xsi:schemaLocation="http://www.loc.gov/MARC21/slim http://www.loc.gov/standards/marcxml/schema/MARC21slim.xsd"
    xmlns="http://www.loc.gov/MARC21/slim">

  <leader>01490cam a2200373Ia 4500</leader>
  <controlfield tag="001">6489440</controlfield>
  <controlfield tag="005">20220326193309.0</controlfield>
  <controlfield tag="008">080319s2007    sp a     c    000 0 eng d</controlfield>
  <datafield tag="020" ind1=" " ind2=" ">
    <subfield code="a">9788489771505</subfield>
  </datafield>
  <datafield tag="020" ind1=" " ind2=" ">
    <subfield code="a">8489771502</subfield>
  </datafield>
  <datafield tag="035" ind1=" " ind2=" ">
    <subfield code="a">(OCoLC)185042714</subfield>
  </datafield>
  <datafield tag="035" ind1=" " ind2=" ">
    <subfield code="a">(OCoLC)ocn185042714</subfield>
  </datafield>
  <datafield tag="035" ind1=" " ind2=" ">
    <subfield code="a">(NNC)6489440</subfield>
  </datafield>
  <datafield tag="040" ind1=" " ind2=" ">
    <subfield code="a">C3L</subfield>
    <subfield code="c">CA8LL</subfield>
    <subfield code="d">CA8LL</subfield>
    <subfield code="d">NNC</subfield>
  </datafield>
  <datafield tag="082" ind1=" " ind2=" ">
    <subfield code="a">792</subfield>
    <subfield code="b">B649u</subfield>
  </datafield>
  <datafield tag="090" ind1=" " ind2=" ">
    <subfield code="a">NX456.5.P38</subfield>
    <subfield code="b">T44 2007</subfield>
  </datafield>
  <datafield tag="100" ind1=" " ind2=" ">
    <subfield code="a">Blist&#xE8;ne, Bernard.,Chateign&#xE9;, Yann.</subfield>
    <subfield code="9">1920</subfield>
  </datafield>
  <datafield tag="245" ind1="0" ind2="2">
    <subfield code="a">A theater without theater.</subfield>
    <subfield code="c">Blist&#xE8;ne, Bernard.,Chateign&#xE9;, Yann.</subfield>
  </datafield>
  <datafield tag="260" ind1=" " ind2=" ">
    <subfield code="a">Barcelona :</subfield>
    <subfield code="b">Museu d'Art Contemporani de Barcelona, MACBA,</subfield>
    <subfield code="c">c2007.</subfield>
  </datafield>
  <datafield tag="300" ind1=" " ind2=" ">
    <subfield code="a">355 p. :</subfield>
    <subfield code="b">ill. ;</subfield>
    <subfield code="c">27 cm.</subfield>
  </datafield>
  <datafield tag="500" ind1=" " ind2=" ">
    <subfield code="a">Catalog of an exhibition held at Museu d'Art Contemporani de Barcelona, May 25-Sept. 11, 2007 and at Museu Berardo, Colec&#xE7;&#xE3;o de Arte Moderna e Contempor&#xE2;nea, Lisbon, Nov. 16, 2007-Feb. 17, 2008.</subfield>
  </datafield>
  <datafield tag="500" ind1=" " ind2=" ">
    <subfield code="a">Curated by Bernard Blist&#xE8;ne and Yann Chateign&#xE9;.</subfield>
  </datafield>
  <datafield tag="650" ind1=" " ind2="0">
    <subfield code="a">Theater in art</subfield>
    <subfield code="v">Exhibitions.</subfield>
    <subfield code="9">1921</subfield>
  </datafield>
  <datafield tag="650" ind1=" " ind2="0">
    <subfield code="a">Arts, Modern</subfield>
    <subfield code="y">20th century</subfield>
    <subfield code="v">Exhibitions.</subfield>
    <subfield code="9">1922</subfield>
  </datafield>
  <datafield tag="650" ind1=" " ind2="0">
    <subfield code="a">Performance art</subfield>
    <subfield code="v">Exhibitions.</subfield>
    <subfield code="9">1923</subfield>
  </datafield>
  <datafield tag="700" ind1="1" ind2=" ">
    <subfield code="a">Blist&#xE8;ne, Bernard.</subfield>
    <subfield code="9">1924</subfield>
  </datafield>
  <datafield tag="700" ind1="1" ind2=" ">
    <subfield code="a">Chateign&#xE9;, Yann.</subfield>
    <subfield code="9">1925</subfield>
  </datafield>
  <datafield tag="710" ind1="2" ind2=" ">
    <subfield code="a">Museu d'Art Contemporani (Barcelona, Spain)</subfield>
    <subfield code="9">1673</subfield>
  </datafield>
  <datafield tag="710" ind1="2" ind2=" ">
    <subfield code="a">Colec&#xE7;&#xE3;o Berardo.</subfield>
    <subfield code="9">1926</subfield>
  </datafield>
  <datafield tag="856" ind1="4" ind2="2">
    <subfield code="u">http://www.columbia.edu/cgi-bin/cul/resolve?clio6489440</subfield>
    <subfield code="3">TOC</subfield>
  </datafield>
  <datafield tag="948" ind1="1" ind2=" ">
    <subfield code="a">20080603</subfield>
    <subfield code="b">c</subfield>
    <subfield code="c">fra1</subfield>
    <subfield code="d">SCMC</subfield>
  </datafield>
  <datafield tag="999" ind1=" " ind2=" ">
    <subfield code="c">402</subfield>
    <subfield code="d">402</subfield>
  </datafield>
  <datafield tag="952" ind1=" " ind2=" ">
    <subfield code="0">0</subfield>
    <subfield code="1">0</subfield>
    <subfield code="2">ddc</subfield>
    <subfield code="4">0</subfield>
    <subfield code="7">0</subfield>
    <subfield code="a">LV</subfield>
    <subfield code="b">LV</subfield>
    <subfield code="c">Pensamiento</subfield>
    <subfield code="d">2014-12-12</subfield>
    <subfield code="l">0</subfield>
    <subfield code="o">792 B649u</subfield>
    <subfield code="p">000497</subfield>
    <subfield code="r">2014-12-12 00:00:00</subfield>
    <subfield code="w">2014-12-12</subfield>
    <subfield code="y">01</subfield>
  </datafield>
</record>
